[Event "AUTO-OPEN-3456"]
[Site "http://www.queenalice.com/game.php?id=1386587"]
[Date "2015.10.1"]
[Round "3"]
[White "Snoopy_GM"]
[Black "Lindomar"]
[Result "0-1"]
[WhiteElo "1990"]
[BlackElo "2247"]

1. d4 Nf6 2. c4 g6 3. Nc3 Bg7 4. e4 d6 5. Nge2 O-O 6. Ng3 e5 7. d5 Nbd7 8. Be2
Ne8 9. O-O f5 10. exf5 gxf5 11. Nh5 Ndf6 12. Nxg7 Nxg7 13. Bg5 a6 14. h3 Qe8 15.
Bxf6 Rxf6 16. b3 Qg6 17. f4 e4 18. g4 h6 19. Kh2 Bd7 20. gxf5 Bxf5 21. Rg1 Qe8
22. Bg4 Kh7 23. Bxf5+ Rxf5 24. Qd4 Qf7 25. Nxe4 Rxf4 26. Qd3 Kh8 27. Raf1 Rf8
28. Rxf4 Qxf4+ 29. Kh1 Qe5 30. Ng3 Rf2 31. Rg2 Qa1+ 32. Kh2 Rxg2+ 33. Kxg2 Qxa2+
34. Kf3 Qb2 35. Qe3 Kh7 36. Qe4+ Kg8 37. Qe3 Qf6+ 38. Kg2 b6 39. Ne2 Nf5 40.
Qe6+ Qxe6 41. dxe6 Kg7 42. b4 Ne3+ 43. Kf3 Nxc4 44. Ke4 Kf6 45. Nf4 c6 0-1

[Event "AUTO-OPEN-3456"]
[Site "http://www.queenalice.com/game.php?id=1386588"]
[Date "2015.10.1"]
[Round "3"]
[White "paulonov"]
[Black "Snoopy_GM"]
[Result "1-0"]
[WhiteElo "2099"]
[BlackElo "1980"]

1. e4 e5 2. Nf3 Nc6 3. Bb5 Nge7 4. O-O g6 5. Nc3 Bg7 6. d4 exd4 7. Ne2 a6 8. Ba4
b5 9. Bb3 Na5 10. Nexd4 c5 11. Bxf7+ Kxf7 12. Ng5+ Ke8 13. Qf3 Rf8 14. Nf5 gxf5
15. Qh5+ Ng6 16. Nxh7 Rf7 17. exf5 Rxf5 18. Qxg6+ Rf7 19. Re1+ Qe7 20. Rxe7+
Kxe7 21. Bg5+ 1-0

[Event "AUTO-OPEN-3456"]
[Site "http://www.queenalice.com/game.php?id=1386589"]
[Date "2015.10.1"]
[Round "3"]
[White "Snoopy_GM"]
[Black "paulonov"]
[Result "0-1"]
[WhiteElo "1987"]
[BlackElo "2101"]

1. d4 f5 2. Nc3 d5 3. Bf4 Nf6 4. e3 e6 5. Nf3 Nbd7 6. Nb5 c6 7. Nd6+ Bxd6 8.
Bxd6 Ne4 9. Be5 Ndf6 10. Bd3 O-O 11. O-O Bd7 12. Nd2 Be8 13. Nxe4 fxe4 14. Be2
Nd7 15. Bg3 Nf6 16. c4 Bg6 17. c5 Qe8 18. f3 Qd7 19. fxe4 Nxe4 20. Rxf8+ Rxf8
21. Be5 Rf2 22. Bf3 Rxb2 23. a4 Qf7 24. a5 a6 25. Bxe4 Bxe4 26. Bf4 Rxg2+ 27.
Kf1 Rxh2 28. Qa4 g5 29. Kg1 Rh1+ 0-1

[Event "AUTO-OPEN-3555"]
[Site "http://www.queenalice.com/game.php?id=1388493"]
[Date "2015.10.10"]
[Round "1"]
[White "Snoopy_GM"]
[Black "ACamargo"]
[Result "0-1"]
[WhiteElo "1934"]
[BlackElo "2021"]

1. d4 d5 2. c4 e6 3. cxd5 exd5 4. Nc3 Nf6 5. Bg5 Be7 6. e3 O-O 7. Bd3 Be6 8. Nf3
h6 9. Bh4 Nbd7 10. O-O a6 11. h3 b6 12. Bc2 c5 13. Bxf6 Bxf6 14. Qd3 g6 15. h4
c4 16. Qd2 Kg7 17. b3 b5 18. Rad1 Bxh4 19. Nxh4 Qxh4 20. f4 Bg4 21. Rde1 Nf6 22.
Qf2 Qxf2+ 23. Rxf2 Rfe8 24. Rd2 Ra7 25. Kf2 b4 26. Na4 c3 27. Rd3 Bf5 28. Nc5
Bxd3 29. Bxd3 Ne4+ 30. Bxe4 dxe4 0-1

[Event "AUTO-OPEN-3555"]
[Site "http://www.queenalice.com/game.php?id=1388494"]
[Date "2015.10.10"]
[Round "1"]
[White "ACamargo"]
[Black "Snoopy_GM"]
[Result "1-0"]
[WhiteElo "2007"]
[BlackElo "1948"]

1. d4 e6 2. c4 Bb4+ 3. Bd2 Qe7 4. a3 Bxd2+ 5. Nxd2 Nf6 6. e3 O-O 7. Ngf3 h6 8.
Bd3 c5 9. O-O cxd4 10. Nxd4 Nc6 11. N2b3 Nxd4 12. Nxd4 b6 13. Rc1 Bb7 14. Nb5 a6
15. Nc3 Rac8 16. Re1 d5 17. cxd5 Nxd5 18. Qb3 Nxc3 19. Rxc3 Rxc3 20. Qxc3 b5 21.
b4 Rc8 22. Qb2 Qg5 23. e4 f5 24. Qe5 Kf7 25. f4 Qf6 26. exf5 exf5 27. Qxf5 Qxf5
28. Bxf5 Rd8 29. Be4 Bc8 30. Re3 1-0

[Event "AUTO-OPEN-3555"]
[Site "http://www.queenalice.com/game.php?id=1388495"]
[Date "2015.10.10"]
[Round "1"]
[White "Snoopy_GM"]
[Black "Jackzapo"]
[Result "0-1"]
[WhiteElo "1962"]
[BlackElo "2004"]

1. d4 Nf6 2. c4 d6 3. Nc3 Nbd7 4. e4 c5 5. d5 g6 6. Bd3 Bg7 7. Nge2 a6 8. O-O
O-O 9. h3 Re8 10. Qc2 Ne5 11. f4 Nxd3 12. Qxd3 Bd7 13. a3 e6 14. e5 dxe5 15.
fxe5 Nh5 16. Qf3 Rf8 17. Nf4 Nxf4 18. Bxf4 b5 19. dxe6 Bxe6 20. cxb5 axb5 21.
Nxb5 Bc4 22. Rfd1 Qe7 23. Nd6 Be6 24. Qc6 Qh4 25. Qf3 Qe7 26. Rac1 f6 27. Qc3
Ra4 0-1

[Event "AUTO-OPEN-3555"]
[Site "http://www.queenalice.com/game.php?id=1388496"]
[Date "2015.10.10"]
[Round "1"]
[White "Jackzapo"]
[Black "Snoopy_GM"]
[Result "1-0"]
[WhiteElo "1988"]
[BlackElo "1978"]

1. d4 e6 2. c4 Bb4+ 3. Bd2 Qe7 4. a3 Bxd2+ 5. Nxd2 Nf6 6. Ngf3 O-O 7. e4 d6 8.
Be2 b6 9. O-O Bb7 10. e5 dxe5 11. Nxe5 Nbd7 12. Ndf3 Ne4 13. Nxd7 Qxd7 14. Qd3
c5 15. d5 exd5 16. cxd5 Qxd5 17. Qc2 Ng5 18. Rad1 Qe4 19. Qxe4 Bxe4 20. Nxg5 Bc2
21. Rd2 Bb3 22. Rd7 c4 23. Bf3 Rad8 24. Rxd8 Rxd8 25. Ne4 f5 26. Nc3 g6 27. h4
1-0

[Event "AUTO-OPEN-3500"]
[Site "http://www.queenalice.com/game.php?id=1393899"]
[Date "2015.11.13"]
[Round "2"]
[White "headhunter"]
[Black "Snoopy_GM"]
[Result "1-0"]
[WhiteElo "2652"]
[BlackElo "1994"]

1. e4 e5 2. Nf3 Nc6 3. Bb5 Nge7 4. O-O g6 5. c3 Bg7 6. d4 exd4 7. cxd4 a6 8. Bc4
O-O 9. d5 Ne5 10. Nxe5 Bxe5 11. f4 Bg7 12. f5 gxf5 13. exf5 f6 14. d6+ Kh8 15.
dxe7 Qxe7 16. Qd4 c5 17. Qd5 Rb8 18. Bf4 Ra8 19. Nc3 Ra7 20. Rae1 Qd8 21. Bd6
Re8 22. Qf7 Rxe1 23. Rxe1 1-0

[Event "AUTO-OPEN-3500"]
[Site "http://www.queenalice.com/game.php?id=1393900"]
[Date "2015.11.13"]
[Round "2"]
[White "Snoopy_GM"]
[Black "headhunter"]
[Result "0-1"]
[WhiteElo "1998"]
[BlackElo "2647"]

1. d4 Nf6 2. c4 g6 3. Nc3 Bg7 4. e4 d6 5. Bd3 O-O 6. Nge2 Nc6 7. O-O Nd7 8. d5
Nce5 9. f4 Nxd3 10. Qxd3 Nc5 11. Qf3 f5 12. exf5 Bxf5 13. Nd4 Bxd4+ 14. Kh1 Bg7
15. Be3 Nd3 16. Na4 Nxb2 17. Nxb2 Bxb2 18. Rab1 Bxb1 19. Rxb1 Bg7 20. Rxb7 Rb8
21. Rxb8 Qxb8 0-1

[Event "AUTO-OPEN-3500"]
[Site "http://www.queenalice.com/game.php?id=1393911"]
[Date "2015.11.13"]
[Round "2"]
[White "Snoopy_GM"]
[Black "jacconsultoria"]
[Result "0-1"]
[WhiteElo "1992"]
[BlackElo "2417"]

1. d4 f5 2. Bg5 g6 3. Nf3 Bg7 4. e3 Nf6 5. Bc4 d5 6. Bb3 e6 7. O-O O-O 8. h3
Nbd7 9. Ne5 Qe8 10. Nxd7 Bxd7 11. a3 Ne4 12. Bf4 c6 13. f3 Nf6 14. c4 Rc8 15.
Bd6 Rf7 16. Nc3 Bf8 17. Bxf8 Qxf8 18. cxd5 cxd5 19. Qe2 Kh8 20. Rac1 Qe7 21. Ba4
Rxc3 22. Rxc3 Bxa4 23. Rfc1 Bc6 24. b4 a6 25. Kf2 Qd6 26. g3 Nh5 27. g4 Qg3+ 28.
Kf1 Bb5 0-1

[Event "AUTO-OPEN-3500"]
[Site "http://www.queenalice.com/game.php?id=1393912"]
[Date "2015.11.13"]
[Round "2"]
[White "jacconsultoria"]
[Black "Snoopy_GM"]
[Result "1-0"]
[WhiteElo "2398"]
[BlackElo "1996"]

1. d4 e6 2. c4 Bb4+ 3. Bd2 Qe7 4. Nc3 c5 5. e3 Nc6 6. a3 cxd4 7. exd4 Bxc3 8.
Bxc3 Nf6 9. b4 a6 10. Bd3 d5 11. Ne2 O-O 12. Qc2 g6 13. h4 dxc4 14. Bxc4 b5 15.
Bd3 e5 16. dxe5 Nxe5 17. Rd1 Bb7 18. f3 Nxd3+ 19. Rxd3 Ne4 20. Re3 Qc7 21. fxe4
Rae8 22. h5 g5 23. O-O h6 24. Nd4 Bxe4 25. Rxe4 Rxe4 26. Qxe4 Qxc3 27. Nf5 Qf6
28. Ne7+ 1-0

[Event "AUTO-OPEN-3500"]
[Site "http://www.queenalice.com/game.php?id=1393913"]
[Date "2015.11.13"]
[Round "2"]
[White "Snoopy_GM"]
[Black "vivafischer"]
[Result "0-1"]
[WhiteElo "1984"]
[BlackElo "2235"]

1. d4 d5 2. c4 c6 3. Nc3 Nf6 4. Nf3 e6 5. Bg5 h6 6. Bh4 dxc4 7. e4 b5 8. e5 g5
9. Bg3 Nd5 10. Be2 Bb7 11. O-O Nd7 12. h3 Nxc3 13. bxc3 Nb6 14. Nd2 c5 15. Qb1
a6 16. Bf3 Bxf3 17. Nxf3 Nd5 18. Qc2 Be7 19. Nd2 h5 20. Ne4 cxd4 21. cxd4 h4 22.
Bh2 Rg8 23. Qd2 g4 24. hxg4 Rxg4 25. Qh6 Rxe4 26. Rfd1 c3 0-1

[Event "AUTO-OPEN-3500"]
[Site "http://www.queenalice.com/game.php?id=1393914"]
[Date "2015.11.13"]
[Round "2"]
[White "vivafischer"]
[Black "Snoopy_GM"]
[Result "1-0"]
[WhiteElo "2251"]
[BlackElo "2004"]

1. d4 e6 2. c4 Bb4+ 3. Bd2 Qe7 4. Nf3 Nf6 5. e3 Ne4 6. Bd3 Nxd2 7. Nbxd2 O-O 8.
O-O a6 9. Ne4 f5 10. Ng3 f4 11. exf4 Rxf4 12. a3 Ba5 13. b4 Bb6 14. c5 Ba7 15.
Qd2 Qf6 16. Nh5 1-0